[Event "V Festival A"]
[Site "Giugliano in Campania ITA"]
[Date "2010.09.24"]
[Round "1"]
[White "Cappuccio, Salvatore"]
[Black "Vena, Antonio"]
[Result "1-0"]
[WhiteElo "1969"]
[BlackElo "1557"]
[PlyCount "88"]
[EventDate "2010.09.24"]

1. d4 Nf6 2. c4 c5 3. e3 g6 4. Nc3 cxd4 5. exd4 d5 6. Nf3 Bg7 7. Be2 O-O 8. O-O
Nc6 9. Be3 Re8 10. Re1 Ne4 11. Nxd5 e6 12. Nc3 Nxc3 13. bxc3 Qa5 14. Qc2 e5 15.
d5 Bf5 16. Qb3 e4 17. Nd4 Nxd4 18. cxd4 b6 19. Rac1 Rac8 20. Bf4 Bxd4 21. Red1
Bg7 22. d6 Bd7 23. Rd5 Qa6 24. Qc2 Qb7 25. Rcd1 Rc5 26. Rxc5 bxc5 27. Be3 Qc6
28. Rd5 Re5 29. Rd1 Bf8 30. Bf4 Re6 31. Qb1 Kg7 32. Qb8 f5 33. Bh6+ Kxh6 34.
Qxf8+ Kg5 35. h4+ Kf4 36. g3+ Ke5 37. Rd5+ Qxd5 38. cxd5 Kxd5 39. Qa8+ Kxd6 40.
Qxa7 Kc6 41. Bb5+ Kxb5 42. Qxd7+ Rc6 43. a4+ Kb6 44. a5+ Kb5 1-0

[Event "V Festival A"]
[Site "Giugliano in Campania ITA"]
[Date "2010.09.24"]
[Round "1"]
[White "Delfino, Luigi"]
[Black "Scola, Enrico"]
[Result "1/2-1/2"]
[WhiteElo "2170"]
[BlackElo "1696"]
[PlyCount "60"]
[EventDate "2010.09.24"]

1. e4 c5 2. Nf3 d6 3. d4 cxd4 4. Nxd4 Nf6 5. Nc3 a6 6. Bc4 e6 7. Bb3 Be7 8. f4
Nc6 9. Be3 Na5 10. Qf3 Nxb3 11. axb3 Qc7 12. O-O Bd7 13. Kh1 h5 14. e5 Ng4 15.
exd6 Bxd6 16. Ncb5 Qb8 17. Nxd6+ Qxd6 18. Qxb7 O-O 19. Qf3 e5 20. fxe5 Qxe5 21.
Bg1 Nxh2 22. Bxh2 Qxd4 23. Rad1 Qg4 24. Qf2 h4 25. Rd4 Qe6 26. Rxh4 Rae8 27.
Rf4 Qe2 28. Qd4 Bc6 29. R4f2 Qh5 30. Kg1 Re4 1/2-1/2

[Event "V Festival A"]
[Site "Giugliano in Campania ITA"]
[Date "2010.09.24"]
[Round "1"]
[White "Fezza, Davide"]
[Black "Chino, Ferdinando"]
[Result "1-0"]
[WhiteElo "2090"]
[BlackElo "1647"]
[PlyCount "105"]
[EventDate "2010.09.24"]

1. e4 c5 2. Nf3 e6 3. d4 cxd4 4. Nxd4 a6 5. Bd3 Qc7 6. O-O Nc6 7. Nb3 d6 8. f4
Be7 9. Qf3 Nb4 10. Nc3 Nxd3 11. cxd3 b5 12. Be3 Bb7 13. Rac1 Qd8 14. g4 Nf6 15.
f5 h6 16. h4 e5 17. g5 hxg5 18. hxg5 Nd7 19. g6 Bg5 20. gxf7+ Kxf7 21. Rf2 Bxe3
22. Qxe3 Qh4 23. Rg2 Rac8 24. a3 Nf6 25. Qg3 Qxg3 26. Rxg3 Rh4 27. Rc2 d5 28.
Rcg2 Rh7 29. Re2 dxe4 30. dxe4 Rch8 31. Nc5 Bc8 32. Reg2 Rh1+ 33. Kf2 Nh5 34.
Rg6 Rd8 35. Nb3 a5 36. Rg1 Rh2+ 37. R6g2 Rxg2+ 38. Rxg2 Nf4 39. Rh2 b4 40. Na4
bxa3 41. bxa3 Bb7 42. Nac5 Nd3+ 43. Ke3 Nxc5 44. Nxc5 Bc6 45. Rg2 Rd4 46. Rg6
Bd7 47. Ra6 a4 48. Ra7 Ke8 49. Rxd7 Rxd7 50. Nxd7 Kxd7 51. Kd3 Kc6 52. Kc4 Kd6
53. Kb5 1-0

[Event "V Festival A"]
[Site "Giugliano in Campania ITA"]
[Date "2010.09.24"]
[Round "1"]
[White "Fusco, Ferdinando"]
[Black "Bianco, Raffaele"]
[Result "0-1"]
[WhiteElo "1693"]
[BlackElo "2090"]
[PlyCount "57"]
[EventDate "2010.09.24"]

1. d4 Nf6 2. c4 g6 3. Nc3 Bg7 4. e4 d6 5. f4 O-O 6. Nf3 c5 7. d5 e6 8. Be2 exd5
9. exd5 Bf5 10. O-O Re8 11. Nh4 Ne4 12. Nxf5 gxf5 13. Nxe4 fxe4 14. f5 Bd4+ 15.
Kh1 Qf6 16. Bf4 Kh8 17. g4 h6 18. Qe1 Nd7 19. Qg3 Be5 20. Rab1 Bxf4 21. Rxf4
Re5 22. h4 Rg8 23. g5 hxg5 24. Rg1 Qh6 25. Rf2 Nf6 26. Rh2 g4 27. Bd1 Nh5 28.
Qc3 g3 29. Rh3 0-1

[Event "V Festival A"]
[Site "Giugliano in Campania ITA"]
[Date "2010.09.24"]
[Round "1"]
[White "Gallina, Giacomo"]
[Black "Della Corte, Alessandro"]
[Result "0-1"]
[WhiteElo "1720"]
[BlackElo "2261"]
[PlyCount "48"]
[EventDate "2010.09.24"]

1. e4 e5 2. Nc3 Nf6 3. Nf3 Nc6 4. Bc4 Nxe4 5. Nd5 d6 6. d3 Nf6 7. Ng5 Be6 8.
Nxe6 fxe6 9. Nxf6+ Qxf6 10. c3 d5 11. Bb5 Bc5 12. Qh5+ Qf7 13. Qe2 O-O 14. O-O
Ne7 15. b4 Bb6 16. a3 Ng6 17. c4 c6 18. Ba4 Bd4 19. Ra2 Nf4 20. Qf3 Qg6 21. Re2
Rf5 22. Bb2 Nxg2 23. Qxg2 Rg5 24. Qxg5 Qxg5+ 0-1

[Event "V Festival A"]
[Site "Giugliano in Campania ITA"]
[Date "2010.09.24"]
[Round "1"]
[White "Gambardella, Piero"]
[Black "Sgammato, Francesco"]
[Result "1-0"]
[WhiteElo "1984"]
[BlackElo "1614"]
[PlyCount "76"]
[EventDate "2010.09.24"]

1. d4 e6 2. c4 Nf6 3. Nc3 d5 4. Bg5 h6 5. Bxf6 Qxf6 6. Nf3 b6 7. e3 Bb7 8. cxd5
exd5 9. Qa4+ c6 10. Nxd5 Qd6 11. Nc3 Be7 12. Be2 O-O 13. O-O Nd7 14. Rad1 Nf6
15. Ne5 b5 16. Qb3 a5 17. Bf3 a4 18. Qc2 Rac8 19. Ne4 Nxe4 20. Bxe4 Rc7 21. Nd3
f5 22. Bf3 Bg5 23. Qc5 Qd8 24. g3 Be7 25. Qb6 Rf6 26. Nc5 Qc8 27. b3 axb3 28.
axb3 g5 29. b4 f4 30. e4 fxg3 31. fxg3 Bxc5 32. Qxc5 Qf8 33. Qxf8+ Rxf8 34. Bg4
Rd8 35. Rf6 Kg7 36. d5 Re7 37. Kf2 Rxe4 38. dxc6 Rxd1 1-0

[Event "V Festival A"]
[Site "Giugliano in Campania ITA"]
[Date "2010.09.24"]
[Round "1"]
[White "Nipote, Mario"]
[Black "Sellitti, Luca"]
[Result "0-1"]
[WhiteElo "1603"]
[BlackElo "1984"]
[PlyCount "36"]
[EventDate "2010.09.24"]

1. d4 d5 2. c4 e6 3. Nc3 Nf6 4. Bg5 Be7 5. e3 O-O 6. Nf3 dxc4 7. Bxc4 Nbd7 8.
Qc2 a6 9. O-O b5 10. Bd3 c5 11. b3 Bb7 12. Bxf6 Nxf6 13. Rad1 cxd4 14. Nxd4 Rc8
15. Nxe6 fxe6 16. Bxh7+ Nxh7 17. Rxd8 Rfxd8 18. Qb2 Bf6 0-1

[Event "V Festival A"]
[Site "Giugliano in Campania ITA"]
[Date "2010.09.24"]
[Round "1"]
[White "Ponticelli, Carmine"]
[Black "Tesone, Crescenzo"]
[Result "1-0"]
[WhiteElo "1431"]
[BlackElo "1833"]
[PlyCount "37"]
[EventDate "2010.09.24"]

1. e4 g6 2. d4 d6 3. Nf3 Bg7 4. Bf4 Nf6 5. Nbd2 O-O 6. Bc4 Bg4 7. h3 Bd7 8. e5
Nh5 9. Bh2 Bh6 10. g4 Bxd2+ 11. Qxd2 d5 12. Bxd5 c6 13. Qh6 Qa5+ 14. c3 Qxd5
15. Ng5 Nf6 16. exf6 Qxh1+ 17. Ke2 Qe4+ 18. Nxe4 exf6 19. Nxf6+ 1-0

[Event "V Festival A"]
[Site "Giugliano in Campania ITA"]
[Date "2010.09.24"]
[Round "1"]
[White "Vena, Alessio"]
[Black "Pennacchio, Mario"]
[Result "1-0"]
[WhiteElo "1882"]
[BlackElo "1515"]
[PlyCount "88"]
[EventDate "2010.09.24"]

1. e4 c5 2. c3 d6 3. d4 cxd4 4. cxd4 Nf6 5. Nc3 g6 6. Nf3 Bg7 7. Bd3 a6 8. O-O
Bg4 9. h3 Bxf3 10. Qxf3 Nc6 11. Be3 O-O 12. Rad1 Nd7 13. Bb1 Qa5 14. Qg3 Qb4
15. Rd2 e5 16. Nd5 Qa5 17. dxe5 Ndxe5 18. b3 Qa3 19. Nb6 Rad8 20. f4 Nd7 21.
Nc4 Qb4 22. Rxd6 Nf6 23. Rfd1 Nh5 24. Qf2 Qc3 25. Rxd8 Rxd8 26. Rxd8+ Nxd8 27.
Qd2 Qf6 28. e5 Qe7 29. g4 b5 30. Qd6 Qh4 31. Bf2 Ng3 32. Kg2 bxc4 33. Bxg3 Qh6
34. Qxd8+ Bf8 35. bxc4 g5 36. Qxg5+ Qxg5 37. fxg5 Ba3 38. Bf5 Kg7 39. Bc8 a5
40. Be1 Bb2 41. Bxa5 Bxe5 42. Bb6 Bf4 43. h4 Bd2 44. a4 Be1 1-0

[Event "V Festival A"]
[Site "Giugliano in Campania ITA"]
[Date "2010.09.25"]
[Round "2"]
[White "Accardo, Francesco"]
[Black "Fezza, Davide"]
[Result "0-1"]
[WhiteElo "1870"]
[BlackElo "2090"]
[PlyCount "53"]
[EventDate "2010.09.24"]

1. g4 e5 2. Bg2 d5 3. d4 e4 4. h3 Ne7 5. c4 c6 6. Nc3 b6 7. Qb3 Be6 8. Bg5 f6
9. Bf4 Ng6 10. Bg3 Bd6 11. cxd5 cxd5 12. Nxd5 Bxd5 13. Qe3 Bb4+ 14. Kf1 Qe7 15.
h4 O-O 16. h5 Nh8 17. Nh3 Nf7 18. Nf4 Bb7 19. Rc1 Na6 20. a3 Bd6 21. b4 Rfc8
22. Rd1 Bxf4 23. Bxf4 Nc7 24. Bxc7 Rxc7 25. d5 Nd6 26. h6 g6 27. Bh3 0-1

[Event "V Festival A"]
[Site "Giugliano in Campania ITA"]
[Date "2010.09.25"]
[Round "2"]
[White "Basso, Lorenzo"]
[Black "Alfieri, Sabato"]
[Result "1-0"]
[WhiteElo "1898"]
[BlackElo "1628"]
[PlyCount "68"]
[EventDate "2010.09.24"]

1. d4 d5 2. Bg5 Nd7 3. Nf3 Ngf6 4. e3 e6 5. Bd3 Be7 6. Nbd2 O-O 7. Ne5 Nxe5 8.
dxe5 Nd7 9. Bf4 f5 10. exf6 Bxf6 11. c3 e5 12. Bg3 e4 13. Be2 Ne5 14. O-O c6
15. Qb3 Qe7 16. Nxe4 b6 17. Nxf6+ Qxf6 18. c4 Nxc4 19. Bxc4 dxc4 20. Qxc4+ Qe6
21. Rac1 c5 22. Qxe6+ Bxe6 23. a3 Bb3 24. Rc3 c4 25. e4 Rad8 26. e5 Rd2 27. e6
h6 28. e7 Rc8 29. Re1 Rd1 30. Rxd1 Bxd1 31. Rxc4 Re8 32. Bd6 Be2 33. Rf4 Bb5
34. a4 g5 1-0

[Event "V Festival A"]
[Site "Giugliano in Campania ITA"]
[Date "2010.09.25"]
[Round "2"]
[White "Bianco, Raffaele"]
[Black "Vena, Alessio"]
[Result "1-0"]
[WhiteElo "2090"]
[BlackElo "1882"]
[PlyCount "67"]
[EventDate "2010.09.24"]

1. e4 e5 2. Nf3 Nc6 3. Bb5 Nd4 4. Nxd4 exd4 5. d3 c6 6. Bc4 d5 7. Bb3 Bc5 8.
O-O Ne7 9. exd5 cxd5 10. c3 O-O 11. Nd2 dxc3 12. bxc3 Be6 13. Re1 Qa5 14. Bb2
Rac8 15. Nf3 Qa6 16. a4 h6 17. d4 Bd6 18. Ne5 Nc6 19. f4 Nxe5 20. fxe5 Be7 21.
Bc2 Rc7 22. Bd3 Qa5 23. Rb1 Rfc8 24. Ba1 a6 25. Kh1 Rb8 26. Bc2 Bf8 27. h4 g6
28. g4 b5 29. h5 g5 30. Qd3 Bg7 31. Qh7+ Kf8 32. Bf5 Qb6 33. Bb2 b4 34. Ba3 1-0

[Event "V Festival A"]
[Site "Giugliano in Campania ITA"]
[Date "2010.09.25"]
[Round "2"]
[White "Caporale, Giuseppe Guido"]
[Black "Gambardella, Piero"]
[Result "0-1"]
[WhiteElo "1782"]
[BlackElo "1984"]
[PlyCount "88"]
[EventDate "2010.09.24"]

1. e4 e6 2. Nf3 d5 3. Nc3 Nf6 4. e5 Nfd7 5. d4 c5 6. dxc5 Nc6 7. Be2 Ndxe5 8.
O-O Bxc5 9. Na4 Bd6 10. b3 O-O 11. h3 Qf6 12. Bb2 Nxf3+ 13. Bxf3 Be5 14. Bxe5
Nxe5 15. Be2 Bd7 16. Nc5 Bc6 17. Nd3 Rad8 18. Re1 Nxd3 19. Bxd3 e5 20. Qe2 e4
21. Bb5 Rfe8 22. Bxc6 Qxc6 23. Rad1 d4 24. Qd2 f5 25. Qb4 Qc3 26. Qxb7 Qxc2 27.
Rc1 Qd2 28. Red1 Qg5 29. Qxa7 d3 30. Qc7 e3 31. f4 Qg3 32. Qc4+ Kh8 33. Rxd3
Qf2+ 34. Kh2 Rxd3 35. Qxd3 e2 36. Qxf5 e1=Q 37. Rxe1 Qxe1 38. a4 Qe4 39. Qf7 h6
40. a5 Re6 41. Qc7 Rg6 42. g4 Rc6 43. Qb8+ Kh7 44. Qe5 Rc2+ 0-1

[Event "V Festival A"]
[Site "Giugliano in Campania ITA"]
[Date "2010.09.25"]
[Round "2"]
[White "Chino, Ferdinando"]
[Black "Abbes, Rached"]
[Result "1-0"]
[WhiteElo "1647"]
[BlackElo "1494"]
[PlyCount "63"]
[EventDate "2010.09.24"]

1. e4 c5 2. Nf3 Nc6 3. d4 cxd4 4. Nxd4 e6 5. Be3 Nf6 6. Nc3 Bb4 7. Bd3 a6 8. a3
Ba5 9. O-O Bb6 10. Nxc6 dxc6 11. Bg5 h6 12. Bh4 g5 13. Bg3 Bc7 14. e5 Nd5 15.
Ne4 h5 16. h3 h4 17. Bh2 f5 18. exf6 Bxh2+ 19. Kxh2 Qc7+ 20. Kg1 Qf4 21. Qe2
Nxf6 22. Nxf6+ Qxf6 23. c3 Bd7 24. Rfe1 O-O-O 25. Rad1 Rdf8 26. Bxa6 bxa6 27.
Qxa6+ Kd8 28. Qa8+ Ke7 29. Rxd7+ Kxd7 30. Rd1+ Ke7 31. Qb7+ Ke8 32. Qd7# 1-0

[Event "V Festival A"]
[Site "Giugliano in Campania ITA"]
[Date "2010.09.25"]
[Round "2"]
[White "D'Errico, Francesco"]
[Black "Nipote, Mario"]
[Result "1/2-1/2"]
[WhiteElo "1744"]
[BlackElo "1603"]
[PlyCount "104"]
[EventDate "2010.09.24"]

1. d4 d5 2. Bf4 Nc6 3. e3 e6 4. Nd2 Nb4 5. c3 Na6 6. Ngf3 Nf6 7. Bd3 c5 8. Ne5
cxd4 9. exd4 Be7 10. O-O Nb8 11. Re1 Nc6 12. Ndf3 a6 13. Qe2 Nh5 14. Bd2 Nf6
15. Nxc6 bxc6 16. b4 O-O 17. Ne5 Bb7 18. Bg5 Ne4 19. Bxe7 Qxe7 20. Rac1 f5 21.
f3 Nd6 22. Bb1 a5 23. a3 Qe8 24. Bd3 Rf6 25. Qe3 Nf7 26. Nxf7 Qxf7 27. f4 axb4
28. axb4 Ba6 29. Ra1 Qb7 30. Bc2 Bc4 31. Qc1 Qb8 32. g3 h6 33. Ra3 Qb7 34. Qa1
Rxa3 35. Qxa3 Qa6 36. Ra1 Qxa3 37. Rxa3 Rf8 38. Ra5 g6 39. h4 Kg7 40. Ba4 Rc8
41. Kf2 Kf6 42. Ra7 Bb5 43. Bb3 Bc4 44. Bxc4 dxc4 45. Ra5 Rc7 46. Rc5 g5 47.
hxg5+ hxg5 48. b5 gxf4 49. gxf4 Ke7 50. Ke3 Kd6 51. Rxc4 cxb5 52. Rxc7 Kxc7
1/2-1/2

[Event "V Festival A"]
[Site "Giugliano in Campania ITA"]
[Date "2010.09.25"]
[Round "2"]
[White "Della Corte, Alessandro"]
[Black "Cappuccio, Salvatore"]
[Result "1/2-1/2"]
[WhiteElo "2261"]
[BlackElo "1969"]
[PlyCount "81"]
[EventDate "2010.09.24"]

1. Nf3 d5 2. c4 e6 3. g3 Nf6 4. Bg2 Bd6 5. O-O O-O 6. d4 c6 7. Nc3 Nbd7 8. Qc2
a6 9. e4 dxe4 10. Ng5 h6 11. Ngxe4 Nxe4 12. Nxe4 Be7 13. Rd1 Qa5 14. Bf4 e5 15.
dxe5 Nxe5 16. b4 Qc7 17. Qc3 f6 18. c5 g5 19. Bxe5 Qxe5 20. Qxe5 fxe5 21. Bf1
Be6 22. Nd6 Rab8 23. Rd2 Rbd8 24. Re1 Bf6 25. f4 gxf4 26. gxf4 Bh4 27. Rxe5 Bd5
28. Nxb7 Rd7 29. Nd6 Rg7+ 30. Bg2 Rxf4 31. Nf5 Rxg2+ 32. Rxg2+ Bxg2 33. Kxg2
Bf6 34. Nxh6+ Kg7 35. Nf5+ Kg6 36. Ne7+ Kf7 37. Rf5 Rxf5 38. Nxf5 Bc3 39. a3
Bb2 40. Nd6+ Ke6 41. Nc4 1/2-1/2

[Event "V Festival A"]
[Site "Giugliano in Campania ITA"]
[Date "2010.09.25"]
[Round "2"]
[White "Della Rocca, Giuseppe"]
[Black "Caiazza, Antonio A."]
[Result "1-0"]
[WhiteElo "1879"]
[BlackElo "1518"]
[PlyCount "83"]
[EventDate "2010.09.24"]

1. c4 Nf6 2. Nc3 d6 3. g3 g6 4. Bg2 Bg7 5. Nf3 O-O 6. O-O e5 7. d3 Nc6 8. Rb1
a5 9. Bd2 Bd7 10. a3 Qc8 11. b4 axb4 12. axb4 h6 13. b5 Ne7 14. Qc2 Bh3 15. e3
Bxg2 16. Kxg2 Nd7 17. d4 f5 18. Nd5 Nxd5 19. cxd5 e4 20. Ng1 Nf6 21. Qc4 Qd7
22. Ne2 g5 23. Rfc1 Rfc8 24. Qb3 Qf7 25. Nc3 Qh5 26. Qd1 g4 27. Ra1 Rab8 28.
Qb3 Qh3+ 29. Kg1 h5 30. Ne2 Bh6 31. Kh1 f4 32. exf4 h4 33. Ng1 hxg3 34. Nxh3
gxh3 35. fxg3 Kh7 36. Qd1 Kg6 37. g4 Rf8 38. f5+ Kg7 39. Rxc7+ Rf7 40. g5 Nxd5
41. Qh5 Nf4 42. Qxf7+ 1-0

[Event "V Festival A"]
[Site "Giugliano in Campania ITA"]
[Date "2010.09.25"]
[Round "2"]
[White "Mazzarella, Antonio"]
[Black "Ponticelli, Carmine"]
[Result "1-0"]
[WhiteElo "2040"]
[BlackElo "1431"]
[PlyCount "86"]
[EventDate "2010.09.24"]

1. d4 d5 2. Nf3 Bf5 3. e3 a6 4. Bd3 Bxd3 5. Qxd3 e6 6. O-O Nf6 7. Nbd2 c5 8. c3
c4 9. Qe2 Bd6 10. e4 dxe4 11. Nxe4 h6 12. Re1 O-O 13. Ne5 Bxe5 14. dxe5 Nd5 15.
Nd6 b5 16. a4 Nc6 17. Qe4 f6 18. axb5 Nxe5 19. Nxc4 Nxc4 20. Qxc4 axb5 21. Rxa8
Qxa8 22. Qxb5 Qa1 23. Qe2 Re8 24. Bxh6 Qa7 25. Be3 Qb7 26. c4 Ne7 27. Rc1 Kf7
28. Qh5+ Ng6 29. Qb5 Qc7 30. Qb6 Qe5 31. Qa7+ Ne7 32. Qd4 Qh5 33. Qf4 Qe2 34.
b4 Rd8 35. Qf3 Qb2 36. b5 Rd3 37. h3 Nf5 38. Re1 Nxe3 39. Rxe3 Qc1+ 40. Kh2
Rxe3 41. Qxe3 Qxc4 42. b6 Qc6 43. Qb3 Qb7 1-0

[Event "V Festival A"]
[Site "Giugliano in Campania ITA"]
[Date "2010.09.25"]
[Round "2"]
[White "Scola, Enrico"]
[Black "Grasso, Nino"]
[Result "0-1"]
[WhiteElo "1696"]
[BlackElo "1932"]
[PlyCount "60"]
[EventDate "2010.09.24"]

1. e4 e5 2. Nf3 Nc6 3. Bb5 a6 4. Ba4 Nf6 5. O-O Be7 6. Re1 b5 7. Bb3 O-O 8. a4
Bb7 9. c3 d5 10. exd5 Nxd5 11. Nxe5 Nxe5 12. Rxe5 Nf4 13. f3 Nd3 14. Re2 Bc5+
15. Re3 Qg5 16. Na3 Nxc1 17. Rxc1 Bxe3+ 18. dxe3 Qxe3+ 19. Kh1 Rfe8 20. axb5
Rad8 21. Qf1 axb5 22. Nc2 Qd2 23. Rb1 c5 24. Rc1 Re2 25. Na1 Qxb2 26. Rb1 Rf2
27. Qg1 Qe2 28. Re1 Qxf3 29. Bd1 Qxg2+ 30. Qxg2 Rxg2 0-1

[Event "V Festival A"]
[Site "Giugliano in Campania ITA"]
[Date "2010.09.25"]
[Round "2"]
[White "Sellitti, Luca"]
[Black "Seletsky, Grigory"]
[Result "1/2-1/2"]
[WhiteElo "1984"]
[BlackElo "2295"]
[PlyCount "53"]
[EventDate "2010.09.24"]

1. e4 e6 2. d4 d5 3. Nd2 Nc6 4. Ngf3 Nf6 5. e5 Nd7 6. Bd3 f6 7. exf6 Qxf6 8.
Nb3 Bd6 9. Bg5 Qf7 10. c3 e5 11. dxe5 Ndxe5 12. Nxe5 Nxe5 13. O-O O-O 14. Be2
Nc4 15. Bc1 Bf5 16. Nd4 Be4 17. b3 Nb6 18. Bg4 Rae8 19. Be3 a6 20. Bh5 Qf6 21.
Bxe8 Rxe8 22. Qg4 c5 23. Ne2 Bd3 24. Rfe1 Bxe2 25. Rxe2 Re4 26. Qf3 Qxc3 27.
Rae1 1/2-1/2

[Event "V Festival A"]
[Site "Giugliano in Campania ITA"]
[Date "2010.09.25"]
[Round "2"]
[White "Sgammato, Francesco"]
[Black "Tesone, Crescenzo"]
[Result "0-1"]
[WhiteElo "1614"]
[BlackElo "1833"]
[PlyCount "77"]
[EventDate "2010.09.24"]

1. c4 Nf6 2. Nc3 g6 3. Nf3 Bg7 4. g3 Nc6 5. Bg2 d6 6. O-O Bg4 7. h3 Be6 8. d3
Qc8 9. Kh2 h5 10. Ng5 Bd7 11. Rh1 h4 12. Kg1 hxg3 13. fxg3 Nh5 14. Qf1 f6 15.
Nge4 f5 16. g4 fxe4 17. gxh5 Rf8 18. Qe1 exd3 19. e3 Ne5 20. Qg3 c6 21. Bd2 Kd8
22. b3 Kc7 23. hxg6 Bf5 24. Rc1 Qe8 25. Ne4 Nxg6 26. c5 Be5 27. cxd6+ exd6 28.
Qg5 Ne7 29. Nc3 Rg8 30. Nd5+ Nxd5 31. Qxf5 Ne7 32. Qe6 Rg6 33. Qc4 d5 34. Qh4
Qf7 35. Bb4 Rxg2+ 36. Kxg2 Rg8+ 37. Qg4 Nf5 38. Qxg8 Nxe3+ 39. Kg1 0-1

[Event "V Festival A"]
[Site "Giugliano in Campania ITA"]
[Date "2010.09.25"]
[Round "2"]
[White "Tagliento, Francesco"]
[Black "Delfino, Luigi"]
[Result "0-1"]
[WhiteElo "1413"]
[BlackElo "2170"]
[PlyCount "62"]
[EventDate "2010.09.24"]

1. e4 c5 2. Nf3 d6 3. d4 cxd4 4. Nxd4 Nf6 5. Nc3 a6 6. Be2 e5 7. Nf3 Be7 8. Be3
O-O 9. O-O Qc7 10. h3 b5 11. Nd5 Nxd5 12. exd5 f5 13. Bg5 h6 14. Bxe7 Qxe7 15.
Kh2 e4 16. Nd4 Qe5+ 17. Kg1 f4 18. Re1 Qxd5 19. a4 f3 20. Bf1 Nd7 21. axb5 Qf7
22. Qd2 Nf6 23. bxa6 Qg6 24. Kh2 Qh5 25. Bc4+ d5 26. Bf1 Ng4+ 27. Kg1 fxg2 28.
Bxg2 Nxf2 29. b4 Bxh3 30. Qe2 Qg5 31. Qf1 Rf4 0-1

[Event "V Festival A"]
[Site "Giugliano in Campania ITA"]
[Date "2010.09.25"]
[Round "2"]
[White "Vena, Antonio"]
[Black "Gallina, Giacomo"]
[Result "0-1"]
[WhiteElo "1557"]
[BlackElo "1720"]
[PlyCount "88"]
[EventDate "2010.09.24"]

1. e4 d5 2. exd5 Nf6 3. d4 Nxd5 4. c4 Nb4 5. Qa4+ N8c6 6. d5 b5 7. cxb5 Nd4 8.
Na3 e5 9. dxe6 Bxe6 10. Bd2 Qd6 11. Bxb4 Qxb4+ 12. Qxb4 Bxb4+ 13. Kd1 Rd8 14.
Bd3 Bxa3 15. bxa3 Nxb5 16. Ke2 c6 17. Nf3 O-O 18. Bxb5 cxb5 19. Rhd1 Bc4+ 20.
Ke3 Rfe8+ 21. Kf4 h6 22. Rxd8 g5+ 23. Kg3 Rxd8 24. Ne5 Be6 25. Nc6 Rd3+ 26. f3
Rxa3 27. Nd4 Bc4 28. Nf5 Ra6 29. Nd4 Rg6 30. a4 Ra6 31. a5 Kh7 32. Nc2 Re6 33.
Nd4 Rd6 34. Nf5 Rd2 35. Ne3 Be6 36. Rb1 a6 37. Ra1 Kg6 38. Ng4 h5 39. Ne5+ Kf5
40. Nc6 h4+ 41. Kh3 Kf4+ 42. g4 Rf2 43. Ra3 f5 44. Nd4 fxg4+ 0-1

[Event "V Festival A"]
[Site "Giugliano in Campania ITA"]
[Date "2010.09.25"]
[Round "3"]
[White "Alfieri, Sabato"]
[Black "Tagliento, Francesco"]
[Result "1-0"]
[WhiteElo "1628"]
[BlackElo "1413"]
[PlyCount "93"]
[EventDate "2010.09.24"]

1. d4 d5 2. c4 c6 3. Nc3 Nf6 4. Nf3 e6 5. Bg5 Be7 6. e3 Nbd7 7. Qc2 O-O 8. Bd3
Re8 9. O-O g6 10. Rac1 Nh5 11. Bxe7 Qxe7 12. cxd5 exd5 13. Na4 Nhf6 14. a3 Nf8
15. b4 Bf5 16. Ne5 Bc8 17. h3 Ne6 18. b5 cxb5 19. Bxb5 Rd8 20. Nc5 Nxc5 21.
Qxc5 Qxc5 22. Rxc5 Be6 23. Rfc1 Rac8 24. Kf1 a6 25. Ba4 b5 26. Bb3 Rxc5 27.
Rxc5 Ne4 28. Rc2 Kf8 29. Ke2 f6 30. Nd3 Rd6 31. Nc5 Nxc5 32. Rxc5 Ke7 33. Kd2
Kd7 34. Kc3 Rc6 35. Kb4 Kc7 36. e4 Rxc5 37. Kxc5 h5 38. exd5 Bf5 39. h4 g5 40.
g3 Bd7 41. d6+ Kb7 42. Bd5+ Kc8 43. Kb6 Bf5 44. Bc6 Be6 45. d5 gxh4 46. gxh4 f5
47. Kxa6 1-0

[Event "V Festival A"]
[Site "Giugliano in Campania ITA"]
[Date "2010.09.25"]
[Round "3"]
[White "Caiazza, Antonio A."]
[Black "Fusco, Ferdinando"]
[Result "0-1"]
[WhiteElo "1518"]
[BlackElo "1693"]
[PlyCount "80"]
[EventDate "2010.09.24"]

1. e4 c5 2. Nf3 d6 3. d3 Nc6 4. g3 g6 5. Bg2 Bg7 6. O-O Nf6 7. c3 O-O 8. Nbd2
Bg4 9. h3 Be6 10. d4 cxd4 11. cxd4 Bd7 12. Re1 Rc8 13. a3 Ne8 14. Nf1 Qb6 15.
e5 dxe5 16. dxe5 Be6 17. Rb1 Bf5 18. Ra1 Nc7 19. Qc2 Rfd8 20. Qc4 Qa6 21. N1d2
Nd5 22. Qb3 Na5 23. Qa2 Rc2 24. Ne4 Bxe4 25. Rxe4 Nc3 26. bxc3 Rxa2 27. Rxa2
Rd1+ 28. Re1 Rxe1+ 29. Nxe1 Bxe5 30. Bf1 Qf6 31. c4 Nb3 32. Bh6 g5 33. Nd3 Bd4
34. Re2 e6 35. Bxg5 Qxg5 36. Re4 Qd2 37. Rf4 Bg7 38. h4 Qd1 39. Nb2 Bxb2 40.
Kg2 e5 0-1

[Event "V Festival A"]
[Site "Giugliano in Campania ITA"]
[Date "2010.09.25"]
[Round "3"]
[White "Cappuccio, Salvatore"]
[Black "Mazzarella, Antonio"]
[Result "1-0"]
[WhiteElo "1969"]
[BlackElo "2040"]
[PlyCount "89"]
[EventDate "2010.09.24"]

1. d4 Nf6 2. c4 e6 3. Nc3 d5 4. e3 Be7 5. Nf3 O-O 6. Bd3 b6 7. O-O Bb7 8. Qe2
Nbd7 9. b3 c5 10. cxd5 exd5 11. Bb2 Ne4 12. Rfd1 Nxc3 13. Bxc3 Bf6 14. Rac1 Re8
15. Qc2 g6 16. Qb2 Rc8 17. Qe2 cxd4 18. Bxd4 Rxc1 19. Rxc1 Bxd4 20. Nxd4 Nc5
21. Bb5 Re7 22. b4 Ne6 23. Nxe6 Rxe6 24. Qc2 d4 25. exd4 Qxd4 26. a3 Bxg2 27.
Qc4 Qe4 28. Qc8+ Kg7 29. Qc3+ Qe5 30. Kxg2 a5 31. bxa5 Qxc3 32. Rxc3 bxa5 33.
a4 Re1 34. Rc5 h5 35. Bc6 f6 36. Rxa5 g5 37. Ra8 Kg6 38. a5 Kf5 39. a6 Kf4 40.
Re8 Rc1 41. a7 h4 42. a8=Q g4 43. Re4+ Kf5 44. Qc8+ Kg5 45. Rxg4+ 1-0

[Event "V Festival A"]
[Site "Giugliano in Campania ITA"]
[Date "2010.09.25"]
[Round "3"]
[White "Delfino, Luigi"]
[Black "Della Rocca, Giuseppe"]
[Result "1-0"]
[WhiteElo "2170"]
[BlackElo "1879"]
[PlyCount "69"]
[EventDate "2010.09.24"]

1. e4 c5 2. Nf3 Nc6 3. d3 g6 4. g3 Bg7 5. Bg2 d6 6. O-O Nf6 7. c3 O-O 8. h3 Bd7
9. Be3 Rb8 10. Nbd2 Qc7 11. a3 b5 12. d4 cxd4 13. cxd4 e6 14. b4 a5 15. Qb3
Rfc8 16. Rac1 d5 17. Bf4 Qb7 18. Bxb8 Qxb8 19. exd5 Nxd5 20. bxa5 Rd8 21. Qd3
b4 22. Nb3 bxa3 23. Nc5 Ncb4 24. Qxa3 Bb5 25. Rfe1 Bh6 26. Rb1 Nc2 27. Qb2 Nxe1
28. Nxe1 Nc7 29. Bf1 Bg7 30. Nc2 Rd5 31. Qb4 Qd8 32. Bxb5 Nxb5 33. Qxb5 Bxd4
34. Nxd4 Rxd4 35. Qb8 1-0

[Event "V Festival A"]
[Site "Giugliano in Campania ITA"]
[Date "2010.09.25"]
[Round "3"]
[White "Fezza, Davide"]
[Black "Bianco, Raffaele"]
[Result "1-0"]
[WhiteElo "2090"]
[BlackElo "2090"]
[PlyCount "50"]
[EventDate "2010.09.24"]

1. e4 d6 2. d4 Nf6 3. Nc3 g6 4. f4 Bg7 5. Nf3 c5 6. e5 Nfd7 7. e6 fxe6 8. Ng5
Nf8 9. dxc5 d5 10. Bd2 Nc6 11. Bb5 Bd7 12. Qe2 Nd4 13. Qd3 Qc7 14. Bxd7+ Qxd7
15. Be3 Nc6 16. Bf2 h6 17. Nf3 O-O-O 18. a3 e5 19. fxe5 Nxe5 20. Nxe5 Bxe5 21.
O-O-O e6 22. Rhe1 Qg7 23. Nb5 Kb8 24. Rxe5 a6 25. Bg3 axb5 1-0

[Event "V Festival A"]
[Site "Giugliano in Campania ITA"]
[Date "2010.09.25"]
[Round "3"]
[White "Gallina, Giacomo"]
[Black "Accardo, Francesco"]
[Result "0-1"]
[WhiteElo "1720"]
[BlackElo "1870"]
[PlyCount "56"]
[EventDate "2010.09.24"]

1. e4 a6 2. Bc4 e6 3. Nc3 b5 4. Bb3 Bb7 5. d3 Nc6 6. Nf3 Be7 7. a4 b4 8. Ne2 g5
9. Be3 h6 10. a5 g4 11. Nd2 Ne5 12. Nc4 Ng6 13. Bd2 Nf6 14. Nd4 d5 15. exd5
Qxd5 16. Nxe6 Qxe6+ 17. Ne3 Nd5 18. O-O O-O-O 19. Re1 Qf6 20. c3 Nxe3 21. Bxe3
Qc6 22. f3 Nh4 23. Bf2 Qf6 24. Bxh4 Qxh4 25. d4 Qf6 26. f4 bxc3 27. bxc3 Qc6
28. Re4 Bc5 0-1